Mapa Brasil: Politico - Estatístico - Rodoviário (Record no. 121430)

MARC details
000 -LÍDER
campo de controle de tamanho fixo 00361 a2200157 4500
001 - NÚMERO DE CONTROLE
campo de controle 121430
020 ## - ISBN - INTERNATIONAL STANDARD BOOK NUMBER
ISBN - International Standard Book Number 7898901485025
040 ## - FONTE DA CATALOGAÇÃO
Instituição que transcreveu o registro Escola Canadense de Niteroi
245 10 - TÍTULO
Título Mapa Brasil: Politico - Estatístico - Rodoviário
250 ## - EDIÇÃO
Edição Atualizada 2020
362 0# - DATAS DE PUBLICAÇÃO E/OU DESIGNAÇÃO SEQUENCIAL
Datas de publicação e/ou designação sequencial 2020
650 #4 - ASSUNTO--TERMO TÓPICO
Cabeçalho tópico ou nome geográfico Mapa
650 #4 - ASSUNTO--TERMO TÓPICO
Cabeçalho tópico ou nome geográfico Geografia
650 #4 - ASSUNTO--TERMO TÓPICO
Cabeçalho tópico ou nome geográfico Brasil
942 ## - ELEMENTOS DE ENTRADA ADICIONADOS (KOHA)
Tipo de material Koha Materiais pedagógicos
Holdings
Situação do descarte Situação das perdas Situação física Não pode ser emprestado Biblioteca de origem Biblioteca atual Data de aquisição Total de empréstimos Código de barras Data de último acesso Data do preço efetivo Tipo de material Koha
        Canadian School of Niterói - Piratininga Canadian School of Niterói - Piratininga 09/02/2024   A21454 09/02/2024 09/02/2024 Materiais pedagógicos
        Canadian School of Niterói - Piratininga Canadian School of Niterói - Piratininga 09/02/2024   A21455 09/02/2024 09/02/2024 Materiais pedagógicos